000
00425nam a2200169Ia 4500
008
090711s9999 xx 000 0 und d
082
_b
27896
100
_a
भिडे माधुरी
245
_a
सावट
260
_c
1973
300
_a
102
600
_a
भिडे माधुरी
630
_a
सावट
700
_a
भिडे माधुरी
730
_a
सावट
942
_c
BOOK
999
_c
298822
_d
298822